Case studies on marketing strategies in food and beverage industry (Record no. 184215)

MARC details
000 -LEADER
fixed length control field 00473nam a2200157Ia 4500
005 - DATE AND TIME OF LATEST TRANSACTION
control field 20250319104730.0
008 - FIXED-LENGTH DATA ELEMENTS--GENERAL INFORMATION
fixed length control field 231217s9999 xx 000 0 und d
020 ## - INTERNATIONAL STANDARD BOOK NUMBER
International Standard Book Number 9788131416242
082 ## - DEWEY DECIMAL CLASSIFICATION NUMBER
Classification number 658.8 LEK;1 R
100 ## - MAIN ENTRY--PERSONAL NAME
Personal name Lekha Ravi ed. Sheeja, S.
245 #0 - TITLE STATEMENT
Title Case studies on marketing strategies in food and beverage industry
260 ## - PUBLICATION, DISTRIBUTION, ETC. (IMPRINT)
Date of publication, distribution, etc. 2009
Name of publisher, distributor, etc. Icfai Books
Place of publication, distribution, etc. Hyderabad
300 ## - PHYSICAL DESCRIPTION
Extent ii, 161
650 ## - SUBJECT ADDED ENTRY--TOPICAL TERM
Topical term or geographic name as entry element studies,marketing,strategies,food,beverage
942 ## - ADDED ENTRY ELEMENTS (KOHA)
Koha item type Books
Holdings
Date last seen Total Checkouts Full call number Accession number Old discount Uniform Resource Identifier Cost, replacement price Price effective from Category Lost status Damaged status Department Withdrawn status bill no. bill date Permanent Location Current Location Shelving location Entry date Vendor Cost, normal purchase price Grants Currency symbol Conversion rate Discount Discount type
26/01/2024   658.8 LEK;1 R 56453 20 digital/contents/56453.pdf 600.00 26/01/2024 Books     Central Library   172/ICFAI/09-10/BLR 08/06/2013 Central Library Central Library Central Library 09/10/2009 ICFAI Press 750.00 MBA RS 1 150 Rupees

© For any Suggestions or Query, please contact the library staff @ librarian@pes.edu or Phone: +9180 2672 1983/ 2108.